000 00330nam a22001457a 4500
008 230428b ||||| |||| 00| 0 eng d
020 _a0409950823
041 _aeng
080 _a030
082 _a030AMO
100 _a44
101 _aENCIK
245 _aDIAGNOSIS AND MANAGEMENT IN VISION CARE
_cAMOS .F.J
942 _2udc
_cBK
999 _c59639
_d59639